Teachers Resource (For Achieving Learning Outcomes Classes-1 to10) (Record no. 11969)

MARC details
000 -LEADER
fixed length control field 00313nam a22001217a 4500
008 - FIXED-LENGTH DATA ELEMENTS--GENERAL INFORMATION
fixed length control field 220208b ||||| |||| 00| 0 eng d
050 ## - LIBRARY OF CONGRESS CALL NUMBER
Classification number 370
Item number 1
100 ## - MAIN ENTRY--PERSONAL NAME
Personal name CBSE
245 ## - TITLE STATEMENT
Title Teachers Resource (For Achieving Learning Outcomes Classes-1 to10)
260 ## - PUBLICATION, DISTRIBUTION, ETC. (IMPRINT)
Place of publication, distribution, etc. New Delhi
Name of publisher, distributor, etc. CBSE
300 ## - PHYSICAL DESCRIPTION
Extent 603.P
942 ## - ADDED ENTRY ELEMENTS (KOHA)
Source of classification or shelving scheme Dewey Decimal Classification
Koha item type BOOK
Holdings
Withdrawn status Lost status Source of classification or shelving scheme Damaged status Not for loan Home library Current library Shelving location Date acquired Total Checkouts Full call number Barcode Date last seen Date last checked out Price effective from Koha item type
    Dewey Decimal Classification     Good Samaritan School Library Good Samaritan School Library EDUCATION 02/08/2022 1 370 CBS16426 07/25/2025 07/14/2025 02/08/2022 BOOK

Powered by Koha